Сочинения : (Record no. 323347)
[ view plain ]
| 000 -LEADER | |
|---|---|
| fixed length control field | 00743nam a2200205 a 4500 |
| 001 - CONTROL NUMBER | |
| control field | 000966046 |
| 003 - CONTROL NUMBER IDENTIFIER | |
| control field | AM-YeHGA |
| 005 - DATE AND TIME OF LATEST TRANSACTION | |
| control field | 20250617150036.0 |
| 008 - FIXED-LENGTH DATA ELEMENTS--GENERAL INFORMATION | |
| fixed length control field | 130603s1933 ||| r 000 0 rus d |
| 040 ## - CATALOGING SOURCE | |
| Original cataloging agency | AM-YeHGA |
| 041 0# - LANGUAGE CODE | |
| Language code of text/sound track or separate title | rus |
| 090 ## - LOCALLY ASSIGNED LC-TYPE CALL NUMBER (OCLC); LOCAL CALL NUMBER (RLIN) | |
| -- | 325091 |
| 100 1# - MAIN ENTRY--PERSONAL NAME | |
| Personal name | Успенский, Николай Васильевич |
| 245 10 - TITLE STATEMENT | |
| Title | Сочинения : |
| Remainder of title | В 2 томах / |
| Statement of responsibility, etc. | Николай Успенский; Подгот. текста, ст. и коммент. К.И. Чуковского. |
| 260 ## - PUBLICATION, DISTRIBUTION, ETC. | |
| Place of publication, distribution, etc. | Москва |
| -- | Ленинград : |
| Name of publisher, distributor, etc. | Academia, |
| Date of publication, distribution, etc. | 1933. |
| 300 ## - PHYSICAL DESCRIPTION | |
| Extent | 2 т. |
| 440 #0 - SERIES STATEMENT/ADDED ENTRY--TITLE | |
| Title | Русская литература |
| 505 1# - FORMATTED CONTENTS NOTE | |
| Miscellaneous information | Т. 1 (590 c.: [1] л. портр.) |
| 653 0# - INDEX TERM--UNCONTROLLED | |
| Uncontrolled term | Русская литература |
| Withdrawn status | Lost status | Source of classification or shelving scheme | Damaged status | Not for loan | Collection | Home library | Current library | Date acquired | Serial enumeration / chronology | Total checkouts | Full call number | Barcode | Date last seen | Price effective from | Koha item type | Public note |
|---|---|---|---|---|---|---|---|---|---|---|---|---|---|---|---|---|
| Universal Decimal Classification | General | Fundamental Scientific Library | Fundamental Scientific Library | 09/01/2017 | Т. 1 | PII/487975 | FL0262678 | 09/01/2017 | 09/01/2017 | Գրքեր / Books | 30 Days Loan |
ՀՀ Գիտությունների ազգային ակադեմիայի հիմնարար գիտական գրադարան = Fundamental Scientific Library of NAS RA
All site content, except where otherwise noted, is licensed under a